Biggest Turkish Companies by Market Value - Statistics

General Stats
  • This quiz has been taken 9 times
  • The average score is 4 of 15
Answer Stats
Hint Answer % Correct
~$10B KOC Holding
63%
~$9B Turkish Airlines
63%
~11B$ TUPRAS
50%
~$5B Turkcell
50%
~$7B Ford Otosan
38%
~12B$ Garanti BBVA
38%
~$7B IŞ Bankasi
38%
~$9B AKBANK
25%
~34B$ Aselsan
25%
~$9B BIM
25%
~$6B Yapi Kredi
25%
~12B$ ENKA
0%
~$5B Halkbank
0%
~35B$ QNB finansbank
0%
~$4B Vakifbank
0%
No matching quizzes found
Score Distribution
Percent of People with Each Score
Percentile by Number Answered
Your Score History
You have not taken this quiz